000 00305nam a22001337a 4500
008 170728b xxu||||| |||| 00| 0 eng d
020 _a9781590596210
041 _aeng
080 _a004
100 _a31
101 _aSHKI
245 _aBEGINNING ASP.NET 2.0 IN VB 2005
_cMACDONALD, M
942 _2udc
_cBK
999 _c22136
_d22136